opac header image

Biotechnology law and policy : (Record no. 18702)

MARC details
000 -LEADER
fixed length control field 00467nam a22001697a 4500
005 - DATE & TIME
control field 20260415194253.0
008 - FIXED-LENGTH DATA ELEMENTS--GENERAL INFORMATION
fixed length control field 260415b2023 |||||||| |||| 00| 0 eng d
020 ## - ISBN
International Standard Book Number 9789819921379
040 ## - CATALOGING SOURCE
Original cataloging agency NLUO
041 ## - LANGUAGE
Language English
082 ## - DDC NUMBER
Classification number 344.041
Book Number SAT/ALE
100 ## - MAIN ENTRY--PERSONAL NAME
Personal name Satasi, Alessandro
245 ## - TITLE STATEMENT
Title Biotechnology law and policy :
Sub Title emerging legal issues, cases and materials
Statement of responsibility, etc. by Alessandro Satasi.
300 ## - PHYSICAL DESCRIPTION
Pages 149 p.
650 ## - SUBJECT
Subject Biotechnology law.
942 ## - ADDED ENTRY ELEMENTS (KOHA)
Koha item type Book
Holdings
Withdrawn status Lost status Source of classification or shelving scheme Damaged status Not for loan Location (home branch) Sublocation or collection (holding branch) Date acquired Koha issues (times borrowed) Koha full call number Barcode (Accession No.) Koha date last seen Price effective from Koha item type
    Dewey Decimal Classification     NLUO NLUO 15/04/2026   344.041 SAT/ALE 15891 15/04/2026 15/04/2026 Book

Find us on the map

Contact Us

Naraj Rd, Sector 13,
Cuttack,
Odisha - 753 015.
Email : __ADD_DATA__
Phone : +91-(671)-233-8018